MARRIAGE LAWS & FAMILY COURTS ACT (Record no. 10480)

MARC details
000 -LEADER
fixed length control field 00330nam a22001457a 4500
003 - CONTROL NUMBER IDENTIFIER
control field SGT
082 ## - DEWEY DECIMAL CLASSIFICATION NUMBER
Classification number 340,RAO
100 ## - MAIN ENTRY--PERSONAL NAME
Personal name RAO,S BHAGIRATHA,E.L.
245 ## - TITLE STATEMENT
Title MARRIAGE LAWS & FAMILY COURTS ACT
250 ## - EDITION STATEMENT
Edition statement 7TH
260 ## - PUBLICATION, DISTRIBUTION, ETC. (IMPRINT)
Place of publication, distribution, etc HYDERABAD
Name of publisher, distributor, etc ASIA LAW HOUSE
Year of Publication 2009
300 ## - PAGE DESCRIPTION
No. of Pages 472
650 ## - SUBJECT ADDED ENTRY--TOPICAL TERM
Topical term or geographic name as entry element FAMILY COURTS ACT
942 ## - ADDED ENTRY ELEMENTS (KOHA)
Source of classification or shelving scheme Dewey Decimal Classification
Koha item type Books
Holdings
Withdrawn status Lost status Source of classification or shelving scheme Damaged status Not for loan Collection code Home library Current library Shelving location Date acquired Vendor Name Cost, normal purchase price SGTU Bill Number Full call number Accession No. (Barcode) Date last seen Bill Date Koha item type
    Dewey Decimal Classification   Not For Loan LAW SGT Science & Social Sciences Library SGT Science & Social Sciences Library Reference Book 18/01/2017 JUPITER LAW BOOK COMPANY 450.00 SGTU 1327 340,RAO FL798 18/01/2017 21/03/2015 Books